Chaîne de mots géographiques finissant par o - Statistiques

Statistiques générales
  • Ce quiz a été pris 135 fois
  • Le résultat moyen est 5 sur 12
Statistiques - réponses
Définition Lieu % Correct
Capitale de la Norvège Oslo
98%
État américain Ohio
79%
Ville abritant Disney World Orlando
78%
Lac et état a la fois Ontario
72%
Chanteur prénommé Pascal, dont son nom est écrit pour des villes proches du Mexique Obispo
71%
En Espagne, c'est la capitale des Asturies Oviedo
37%
Ville de Haute-Corse en 4 lettres dont le nom et un footballeur du FC Barcelone Olmo
29%
Fleuve d'Afrique coulant en Angola, Namibie et le Botswana Okavango
12%
Commune de Haute-Garonne où vivent les Onésiens Oo
8%
Volcan argentin culminant a 6 215 mètres Olmedo
3%
Ville du Chili ayant un lac et un volcan du même nom Osorno
3%
Peuple Bantou vivant à l'intérieur des deux premiers pays cités juste avant Ovambo
2%
Aucun quiz correspondant
Distribution des résultats
% des personnes avec chaque résultat
Percentile par nombre de réponses
Votre historique - résultats
Vous n’avez pas pris ce quiz